50 Biggest Cities in Kyushu Prefectures on a Blank Map - Statistics

General Stats
  • This quiz has been taken 169 times
  • The average score is 14 of 50
Answers on the Map
Answers color-coded by a green-red scale on the quiz's map according to % correct below.
 
Answer Stats
Answer Population % Correct
Nagasaki | 長崎市 409 118
94%
Fukuoka | 福岡市 1 612 392
90%
Kagoshima | 鹿児島市 593 128
69%
Kitakyūshū | 北九州市 939 029
68%
Kumamoto | 熊本市 738 865
63%
Miyazaki | 宮崎市 401 339
60%
Ōita | 大分市 475 614
59%
Saga | 佐賀市 233 301
54%
Sasebo | 佐世保市 243 223
39%
Kurume | 久留米市 303 316
36%
Beppu | 別府市 115 321
33%
Miyakonojō | 都城市 160 640
26%
Tosu | 鳥栖市 74 196
25%
Iizuka | 飯塚市 126 364
24%
Nobeoka | 延岡市 118 394
24%
Kanoya | 鹿屋市 101 096
23%
Karatsu | 唐津市 117 373
23%
Ōmuta | 大牟田市 111 281
23%
Satsumasendai | 薩摩川内市 92 403
23%
Amakusa | 天草市 75 783
22%
Isahaya | 諫早市 133 852
22%
Kirishima | 霧島市 123 135
22%
Yatsushiro | 八代市 123 067
21%
Hyūga | 日向市 59 629
20%
Itoshima | 糸島市 98 877
20%
Izumi | 出水市 51 994
20%
Ōmura | 大村市 95 397
20%
Ōnojō | 大野城市 102 085
20%
Nakatsu | 中津市 82 863
19%
Saiki | 佐伯市 66 851
19%
Yukuhashi | 行橋市 71 426
19%
Nichinan | 日南市 50 848
18%
Dazaifu | 太宰府市 73 164
17%
Hita | 日田市 62 657
17%
Nōgata | 直方市 56 212
17%
Chikushino | 筑紫野市 103 311
16%
Yanagawa | 柳川市 64 475
16%
Imari | 伊万里市 52 629
16%
Kasuga | 春日市 111 023
16%
Koga | 古賀市 58 786
16%
Munakata | 宗像市 97 095
16%
Usa | 宇佐市 52 771
16%
Yame | 八女市 60 608
16%
Tamana | 玉名市 64 292
15%
Uki | 宇城市 57 032
15%
Aira | 姶良市 76 348
14%
Arao | 荒尾市 50 832
14%
Fukutsu | 福津市 67 033
14%
Kōshi | 合志市 61 772
12%
Ogōri | 小郡市 59 360
12%
No matching quizzes found
Score Distribution
Percent of People with Each Score
Percentile by Number Answered
Your Score History
You have not taken this quiz